Statistiche per Comuni della Puglia (con mappa)

Clicka qui per fare il quiz!

Statistiche generali

  • Questo quiz è stato fatto 1.881 volte
  • Il punteggio medio è 69 su 257

Risposte nella Mappa

Le risposte nella mappa del quiz sottostante sono codificate secondo una scala di colori dal rosso al verde in base alla % di persone che hanno risposto correttamente.
 

Statistiche sulle risposte

Comune% Corretto
Bari
92%
Lecce
92%
Foggia
90%
Taranto
89%
Barletta
88%
Brindisi
88%
Andria
86%
Trani
85%
Gallipoli
73%
Otranto
70%
Altamura
66%
Bitonto
66%
Vieste
66%
Monopoli
65%
Ostuni
65%
Alberobello
64%
Cerignola
64%
Manfredonia
64%
Molfetta
60%
Polignano a Mare
60%
San Severo
56%
Fasano
54%
Bisceglie
53%
Nardò
53%
Martina Franca
51%
Peschici
47%
San Giovanni Rotondo
47%
Modugno
44%
Bitritto
43%
Gioia del Colle
43%
Gravina in Puglia
42%
Locorotondo
42%
Manduria
42%
Mola di Bari
42%
Galatina
41%
Margherita di Savoia
41%
Lesina
40%
Maglie
40%
Rodi Garganico
40%
Avetrana
39%
Canosa di Puglia
39%
Francavilla Fontana
39%
Lucera
39%
Massafra
39%
Bitetto
38%
Porto Cesareo
38%
Corato
37%
Casarano
36%
Ginosa
36%
Giovinazzo
36%
Mattinata
36%
Tricase
36%
Troia
36%
Acquaviva delle Fonti
35%
Castellana Grotte
35%
Mesagne
35%
Noci
35%
San Marco in Lamis
34%
Castellaneta
33%
Ceglie Messapica
33%
Galatone
33%
Monte Sant'Angelo
33%
Putignano
33%
Trinitapoli
33%
Ascoli Satriano
32%
Candela
32%
Cisternino
32%
Conversano
32%
Grottaglie
32%
Ruvo di Puglia
32%
Terlizzi
32%
Isole Tremiti
31%
Ugento
31%
Casamassima
30%
Minervino Murge
30%
Mottola
30%
Palo del Colle
30%
Spinazzola
30%
Zapponeta
30%
Castro
29%
Orta Nova
29%
San Nicandro Garganico
29%
Triggiano
29%
Turi
29%
Adelfia
28%
Apricena
28%
Melendugno
28%
Palagiano
28%
Castrignano del Capo
27%
Noicattaro
27%
Rutigliano
27%
San Ferdinando di Puglia
27%
San Vito dei Normanni
27%
Trepuzzi
27%
Vico del Gargano
27%
Binetto
26%
Cellino San Marco
26%
Chieuti
26%
Laterza
26%
Palagianello
26%
Sannicola
26%
Cassano delle Murge
25%
Copertino
25%
San Pietro Vernotico
25%
Santa Cesarea Terme
25%
Santeramo in Colle
25%
Capurso
24%
Carovigno
24%
Poggio Imperiale
24%
Bovino
23%
Cagnano Varano
23%
Gagliano del Capo
23%
Grumo Appula
23%
Ischitella
23%
Oria
23%
Sava
23%
Squinzano
23%
Carpino
22%
Lizzano
22%
Martano
22%
Melpignano
22%
Pulsano
22%
Sammichele di Bari
22%
Sannicandro di Bari
22%
Statte
22%
Surbo
22%
Valenzano
22%
Alessano
21%
San Giorgio Ionico
21%
Toritto
21%
Torremaggiore
21%
Carapelle
20%
Deliceto
20%
Poggiorsini
20%
Salve
20%
Serracapriola
20%
Taurisano
20%
Volturara Appula
20%
Accadia
19%
Cellamare
19%
Faeto
19%
Rignano Garganico
19%
San Pancrazio Salentino
19%
Sant'Agata di Puglia
19%
Stornara
19%
Andrano
18%
Castelluccio dei Sauri
18%
Cutrofiano
18%
Erchie
18%
Latiano
18%
Leporano
18%
Leverano
18%
Melissano
18%
Muro Leccese
18%
Orsara di Puglia
18%
Patù
18%
Pietramontecorvino
18%
Racale
18%
Specchia
18%
Stornarella
18%
Tiggiano
18%
Torchiarolo
18%
Biccari
17%
Crispiano
17%
Scorrano
17%
Veglie
17%
Alberona
16%
Campi Salentina
16%
Casalvecchio di Puglia
16%
Corigliano d'Otranto
16%
Corsano
16%
Diso
16%
Lequile
16%
Maruggio
16%
Matino
16%
Miggiano
16%
Motta Montecorvino
16%
Neviano
16%
Novoli
16%
Ordona
16%
Rocchetta Sant'Antonio
16%
Ruffano
16%
Supersano
16%
Volturino
16%
Zollino
16%
Alliste
15%
Calimera
15%
Castelnuovo della Daunia
15%
Castrignano de' Greci
15%
Cavallino
15%
Celenza Valfortore
15%
Celle di San Vito
15%
Minervino di Lecce
15%
Monteleone di Puglia
15%
Presicce-Acquarica
15%
San Donaci
15%
San Paolo di Civitate
15%
Taviano
15%
Torre Santa Susanna
15%
Villa Castelli
15%
Aradeo
14%
Carlantino
14%
Casalnuovo Monterotaro
14%
Faggiano
14%
Lizzanello
14%
Monteroni di Lecce
14%
Poggiardo
14%
Salice Salentino
14%
San Marco la Catola
14%
San Marzano di San Giuseppe
14%
San Michele Salentino
14%
Torricella
14%
Uggiano la Chiesa
14%
Vernole
14%
Anzano di Puglia
13%
Botrugno
13%
Castelluccio Valmaggiore
13%
Cursi
13%
Fragagnano
13%
Montemesola
13%
Morciano di Leuca
13%
Panni
13%
Parabita
13%
Roseto Valfortore
13%
Sternatia
13%
Surano
13%
Tuglie
13%
Alezio
12%
Carosino
12%
Castri di Lecce
12%
Giurdignano
12%
Martignano
12%
Monteiasi
12%
Monteparano
12%
San Donato di Lecce
12%
Seclì
12%
Soleto
12%
Arnesano
11%
Carmiano
11%
Collepasso
11%
Giuggianello
11%
Guagnano
11%
Montesano Salentino
11%
Ortelle
11%
San Cesario di Lecce
11%
Cannole
10%
Caprarica di Lecce
10%
Carpignano Salentino
10%
Roccaforzata
10%
San Pietro in Lama
10%
Sogliano Cavour
10%
Spongano
10%
Nociglia
9%
Palmariggi
9%
Sanarica
9%
Bagnolo del Salento
8%
San Cassiano
8%

Distribuzione punteggi

Percentile per numero di risposta

Percentuale di utenti per punteggio

I tuoi punteggi nel tempo

Non hai fatto questo quiz